| 000 | 01051nac a22003137a 4500 | ||
|---|---|---|---|
| 001 | BR9102174 | ||
| 003 | BR-BrBNA | ||
| 005 | 20240105121204.0 | ||
| 008 | 230509b bl.|||m| |||| 00| 0 por d | ||
| 040 |
_aBR-BrBNA _bpor _cBiblioteca Nacional de Agricultura |
||
| 072 | _aF08 | ||
| 090 | _a1950 BR9102174 | ||
| 100 | 1 | _aLocatelli, M. | |
| 100 | 1 | _aPalm, C.A. | |
| 100 | 1 | _aSmyth, T.J. | |
| 100 | 1 | _aRicci, M. dos S.F. | |
| 110 | 1 | _aCentro de Pesquisa Agroflorestal de Rondonia, Porto Velho (Brasil) | |
| 245 | 1 | _aSelecao de leguminosas para cultivo alley-cropping sob condicoes de latossolo amarelo em Porto Velho, Rondonia - Brasil | |
| 260 | 3 |
_aPorto Velho, RO (Brasil): _c1991. |
|
| 300 | _a7 p. | ||
| 490 |
_aPesquisa em Andamento - Centro de Pesquisa Agroflorestal de Rondonia (Brazil) _vno. 125 _xISSN 0101-7039 |
||
| 650 | _aLEGUMINOSA | ||
| 650 | _aARVORE | ||
| 650 | _aAGROSSILVICULTURA | ||
| 650 | _aLATOSSOLO AMARELO | ||
| 650 | _aRONDONIA | ||
| 909 |
_a202312 _bLúcia Elande _c55 _dLúcia Elande |
||
| 942 |
_2AGRIS _n0 _cMS |
||
| 999 |
_c283826 _d283826 |
||